书目信息 |
| 题名: |
小心思甜点
|
|
| 作者: | 李雯洁 著 | |
| 分册: | ||
| 出版信息: | 青岛 青岛出版社 2019 |
|
| 页数: | 201页 | |
| 开本: | 25cm | |
| 丛书名: | ||
| 单 册: | ||
| 中图分类: | TS972.134 | |
| 科图分类: | ||
| 主题词: | 甜食--制作 | |
| 电子资源: | ||
| ISBN: | 978-7-5552-7299-1 | |
| 000 | 00916nam0 2200241 450 | |
| 001 | 2337349472 | |
| 005 | 20230925102239.42 | |
| 010 | @a978-7-5552-7299-1@dCNY49.80 | |
| 100 | @a20190612d2019 em y0chiy50 ea | |
| 101 | 0 | @achi |
| 102 | @aCN@b370000 | |
| 105 | @aa z 000yy | |
| 200 | 1 | @a小心思甜点@Axiao xin si tian dian@dWendy's delicate dessert@f李雯洁著@zeng |
| 210 | @a青岛@c青岛出版社@d2019 | |
| 215 | @a201页@c彩图@d25cm | |
| 314 | @a李雯洁(Wendy), 高级西点师、美食达人、美食撰稿人,第十七届全国焙烤职业技能竞赛银奖、全国婚礼蛋糕创意大赛铜奖。 | |
| 330 | @a每款小作品都是与众不同的,都是作者花了很多心思创作出来的,你在网上找不到配方的甜点。内容包括缤纷蛋糕、冰品饮料、和风小食、健康面包、流行饼干等。 | |
| 510 | 1 | @aWendy's delicate dessert@zeng |
| 606 | 0 | @a甜食@x制作 |
| 690 | @aTS972.134@v5 | |
| 701 | 0 | @a李雯洁@Ali wen jie@4著 |
| 801 | 0 | @aCN@b安徽时代@c20230923 |
| 905 | @aBZT@dTS972.134@e10 | |
| 小心思甜点=Wendy's delicate dessert/李雯洁著.-青岛:青岛出版社,2019 |
| 201页:彩图;25cm |
| ISBN 978-7-5552-7299-1:CNY49.80 |
| 每款小作品都是与众不同的,都是作者花了很多心思创作出来的,你在网上找不到配方的甜点。内容包括缤纷蛋糕、冰品饮料、和风小食、健康面包、流行饼干等。 |
| ● |
| 相关链接 |
|
|
|
正题名:小心思甜点
索取号:TS972.134/10
 
预约/预借
| 序号 | 登录号 | 条形码 | 馆藏地/架位号 | 状态 | 备注 |
| 1 | 2000931271 | 2000931271 | 第四书库/四28架A面1层4列/ [索取号:TS972.134/10] | 在馆 | |
| 2 | 2000931272 | 2000931272 | 第四书库/四28架A面1层4列/ [索取号:TS972.134/10] | 在馆 | |
| 3 | 2000931273 | 2000931273 | 第四书库/四28架A面1层4列/ [索取号:TS972.134/10] | 在馆 | |
| 4 | 2000931274 | 2000931274 | 第四书库/四28架A面1层4列/ [索取号:TS972.134/10] | 在馆 | |
| 5 | 2000931275 | 2000931275 | 第四书库/四28架A面1层4列/ [索取号:TS972.134/10] | 在馆 | |
| 6 | 2000931276 | 2000931276 | 第四书库/四28架A面1层4列/ [索取号:TS972.134/10] | 在馆 |